| 000 | 01393nam0a2200313 i 4500 | ||
|---|---|---|---|
| 001 | RU\NLR\BIBL_A\010559378 | ||
| 005 | 20241104185829.0 | ||
| 010 |
_a9785749317763 _9700 |
||
| 021 |
_aRU _b2014-75832 _94646 |
||
| 035 | _a(NLR Aleph) 010559378 | ||
| 090 |
_a10372724 _c10372724 |
||
| 100 | _a20141208d2014 um y0rusy50 ca | ||
| 101 | 0 | _arus | |
| 102 | _aRU | ||
| 105 | _aac||z|||000yy | ||
| 200 | 1 |
_aО жизни и делах наших _e[сборник очерков] _fПетр Никитович Попов |
|
| 210 |
_aСаранск _cКрасный Октябрь _d2014 |
||
| 215 |
_a751, [1] с. _cил., цв. ил., портр. _d22 |
||
| 320 | _aБиблиогр. в конце очерков | ||
| 327 | 1 | _aСборник состоит из очерков разных авторов, указанных в начале каждого очерка | |
| 607 |
_aМордовская АССР _jВоспоминания, записки и т.п _xИстория _9912237 _3RU\NLR\AUTH\6613685 |
||
| 607 |
_aМордовская АССР _jВоспоминания, записки и т.п _xНародное хозяйство _91203565 _3RU\NLR\AUTH\66169247 |
||
| 686 | 1 | _aТ3(2Р-6Мо)7,013 | |
| 686 | 1 | _aУ03(2Р-6Мо)7 | |
| 700 | 1 |
_aПопов _bП.Н. _gПетр Никитович |
|
| 942 | _cBOOK | ||
| 980 | _aNBR | ||